书目信息 |
| 题名: |
舞蹈音乐视唱教程
|
|
| 作者: | 裘柳钦 编著 | |
| 分册: | ||
| 出版信息: | 上海 上海音乐出版社 2004 |
|
| 页数: | 210页 | |
| 开本: | 23cm | |
| 丛书名: | 北京舞蹈学院“十五”规划教材 | |
| 单 册: | ||
| 中图分类: | J643.3 | |
| 科图分类: | ||
| 主题词: | 视唱 , 舞剧音乐--乐曲--中国 , 舞蹈音乐--视唱--高等学校--艺术学校--教材 | |
| 电子资源: | ||
| ISBN: | 7-80667-527-2 | |
| 000 | 01035oam2 2200289 450 | |
| 001 | 110000007416 | |
| 005 | 20070118105208.07 | |
| 010 | @a7-80667-527-2@dCNY26.00 | |
| 100 | @a20050422d2004 ekmy0chiy0120 ea | |
| 101 | 0 | @achi@deng@eeng |
| 102 | @aCN@b310000 | |
| 105 | @ag z 000yy | |
| 200 | 1 | @a舞蹈音乐视唱教程@9wu dao yin yue shi chang jiao cheng@f裘柳钦编著@Fqiu liu qin bian zhu |
| 210 | @a上海@c上海音乐出版社@d2004 | |
| 215 | @a210页@d23cm | |
| 225 | 2 | @a北京舞蹈学院“十五”规划教材@h三@i舞蹈音乐教材系列 |
| 330 | @a本书主要内容包括:无升降调号的各种调式;一个升号的各种调式;一个降号的各种调式;两个升号的各种调式;两个降号的各种调式;三个升号的各种调式等。 | |
| 461 | 0 | @12001 @a北京舞蹈学院“十五”规划教材 |
| 462 | 0 | @12001 @a舞蹈音乐教材系列 |
| 606 | 0 | @a视唱 |
| 606 | 0 | @a舞剧音乐@x乐曲@y中国 |
| 606 | 0 | @a舞蹈音乐@x视唱@x高等学校@x艺术学校@j教材 |
| 690 | @aJ643.3@v4 | |
| 701 | 0 | @a裘柳钦@Aqiu liu qin@4编著 |
| 801 | 0 | @aCN@bCXYBOOK@c20070118 |
| 905 | @a10447@dJ643.3@e163 | |
| 999 | @aZXL@eGLX | |
| 舞蹈音乐视唱教程/裘柳钦编著.-上海:上海音乐出版社,2004 |
| 210页;23cm.-(北京舞蹈学院“十五”规划教材.三.舞蹈音乐教材系列) |
| ISBN 7-80667-527-2:CNY26.00 |
| 本书主要内容包括:无升降调号的各种调式;一个升号的各种调式;一个降号的各种调式;两个升号的各种调式;两个降号的各种调式;三个升号的各种调式等。 |
| ● |
| 相关链接 |
|
|
|
|
正题名:舞蹈音乐视唱教程
索取号:J643.3/163
 
预约/预借
| 序号 | 登录号 | 条形码 | 馆藏地/架位号 | 状态 | 备注 |
| 1 | 0370658 | 203706588 | 第一样本阅览室/ [索取号:J643.3/163] | 在馆 | |
| 2 | 0608120 | 206081201 | 第一借阅区/ [索取号:J643.3/163] | 在馆 | |
| 3 | 0608121 | 206081210 | 第一借阅区/ [索取号:J643.3/163] | 在馆 | |
| 4 | 0608122 | 206081229 | 第一借阅区/ [索取号:J643.3/163] | 在馆 |